La religin̤ en la razn̤ pb︢lica

Bibliographic Details
Main Author: Garzn̤ Vallejo, Ivǹ
Format: eBook
Language:Spanish
Published: Bogot:̀ Editorial Astrea de Alfredo y Ricardo Depalma SRL, 2014
Subjects:
Online Access:Acceso restringido

MARC

LEADER 00000nam a22000007a 4500
005 20200714231829.0
007 cr|||| ||||
008 200714s2014 co |||||s|||| 00||0 spa d
020 |a 978-958-57582-9-2 
035 |a 31802 
040 |a vLex 
090 |c 10639  |d 10639 
100 1 |a Garzn̤ Vallejo, Ivǹ 
245 1 2 |a La religin̤ en la razn̤ pb︢lica  |h [Recurso electrn̤ico] /  |c Ivǹ Garzn̤ Vallejo 
256 |a Servicio en ln̕ea 
260 |a Bogot:̀  |b Editorial Astrea de Alfredo y Ricardo Depalma SRL,  |c 2014 
300 |a 1 recurso electrn̤ico 
506 1 |a Disponible solo en los productos indicados  |d vLex Global  |d vLex Global (Academic Edition, excluding Law Schools)  |d vLex Global (U.S. Academic Edition, Law Schools)  |d vLex Global (U.S. Academic Edition, excluding Law Schools)  |d vLex Global (Academic Edition, Law Schools) 
650 0 4 |a Derecho Militar  |z Colombia 
700 1 |a Garzn̤ Vallejo, Ivǹ 
740 0 |a vLex Libros (Servicio en ln̕ea) 
856 4 0 |u http://vlex.com/source/religion-razon-publica-31802  |z Acceso restringido 
942 |c BOOK 
999 0 |a Military Law